Glencoe life science / (Record no. 13405)
[ view plain ]
| 000 -LEADER | |
|---|---|
| fixed length control field | 00489nam a2200193Ia 4500 |
| 020 ## - INTERNATIONAL STANDARD BOOK NUMBER | |
| ISBN | 0028277376 |
| 040 ## - CATALOGING SOURCE | |
| Transcribing agency | GAC |
| 082 ## - DEWEY DECIMAL CLASSIFICATION NUMBER | |
| Classification number | 570 GLE 1997 A026 Or. |
| 100 1# - MAIN ENTRY--AUTHOR NAME | |
| Personal name | Daniel, Lucy. |
| 245 10 - TITLE STATEMENT | |
| Title | Glencoe life science / |
| 246 18 - VARYING FORM OF TITLE | |
| Title proper/short title | Life science |
| 260 ## - PUBLICATION, DISTRIBUTION, ETC. (IMPRINT) | |
| Place of publication | New York, N.Y. : |
| Name of publisher | Glencoe, |
| Year of publication | c1997. |
| 300 ## - PHYSICAL DESCRIPTION | |
| Number of Pages | xxvi, 837 p. : |
| Other physical details | col. ill. ; |
| Dimensions | 29 cm. |
| 500 ## - GENERAL NOTE | |
| General note | Includes index. |
| 650 #0 - SUBJECT ADDED ENTRY--TOPICAL TERM | |
| Topical Term | Life sciences |
| 700 1# - ADDED ENTRY--PERSONAL NAME | |
| Personal name | Ortleb, Edward Paul. |
| 700 1# - ADDED ENTRY--PERSONAL NAME | |
| Personal name | Biggs, Alton. |
| 942 ## - ADDED ENTRY ELEMENTS (KOHA) | |
| Koha item type | សៀវភៅភាសាអង់គ្លេស |
| 952 ## - LOCATION AND ITEM INFORMATION (KOHA) | |
| Withdrawn status [LOCAL, KOHA] | 0 |
| Permanent Location | Date acquired | Koha item type | Lost status | Shelving location | Barcode | Current Location | Full call number |
|---|---|---|---|---|---|---|---|
| Library Block A | 2017-08-25 | សៀវភៅភាសាអង់គ្លេស | A026 | A18881 | Library Block A | 570 GLE 1997 A026 Or. |